01046cam a22002775a 45000010009000000050017000090080041000260100017000670200043000840200028001270400013001550820020001682450123001882600034003112630009003453000034003545040051003886500053004396500031004927000026005237000030005497000029005799420012006089990017006209520131006371570185620090724144142.0090416s2009 nyu | 00| 0 eng d a 2009926892 a9781848824089 (hardcover : alk. paper) a9781848824096 (e- ISBN) aDLCcDLC 222a004.35bPAR00aParallel Computing :bNumerics, Applications, and Trends /cEdited by Roman Trobec, Marian Vajtersic, Peter Zinterhof. aNew York :bSpringer,cc2009. a0906 axxiv, 519 p.: bill.;c24 cm. aIncludes bibliographical references and index. aArallel processing (Electronic computers)911339 aParallel computers.9113401 aTrobec, Roman 9113411 aVajtersic, Marian 9113421 a Zinterhof, Peter911343 2ddccBB c13376d13376 00102ddc40708AlahramaMAINbMAINcLOWd2010-02-14epurchaseg540.00h37l0o004.35 PARp000019723r2025-07-15 00:00:00yBB